Grades de l'Armée de l'air et de l'espace (photos) - Statistiques

Statistiques générales
  • Ce quiz a été pris 1 133 fois
  • Le résultat moyen est 14 sur 19
Statistiques - réponses
Par images Réponse % Correct
Lieutenant
92%
Caporal
91%
Sergent
90%
Caporal-chef
88%
Sergent-chef
87%
Adjudant
86%
Major
86%
Adjudant-chef
85%
Capitaine
84%
Colonel
83%
Aviateur
82%
Commandant
81%
Sous-lieutenant
79%
Lieutenant-colonel
78%
Aviateur 1e classe
52%
Général de brigade aérienne
41%
Général de division aérienne
38%
Général d'armée aérienne
34%
Général de corps aérien
33%
Aucun quiz correspondant
Distribution des résultats
% des personnes avec chaque résultat
Percentile par nombre de réponses
Votre historique - résultats
Vous n’avez pas pris ce quiz